| 000 | 00324nam a22001097a 4500 | ||
|---|---|---|---|
| 082 | _a671.36 HEH'I | ||
| 100 |
_aINSTITUTE OF METALLURGISTS _958327 |
||
| 245 | _aHEAT TREATMENT OF METALS LECTURES DELIVERED AT THE INSTITUTE OF NETALLIRGISTS REFRESHER COURSE | ||
| 260 |
_aLONDON _bILIFFE _c1980 |
||
| 300 | _a155P | ||
| 942 | _cBK | ||
| 999 |
_c568524 _d568524 |
||